000 01170cam a22003377a 4500
001 13663209
003 OSt
005 20150408114145.0
008 040723s2005 nyua 001 0 eng d
010 _a 2004110792
020 _a0764130935 (pbk.)
035 _a(OCoLC)ocm59555189
040 _aJJG
_cJJG
_dDPL
_dOCL
_dDLC
041 1 _aeng
_hspa
042 _alccopycat
050 0 0 _aQP35
_b.A8413 2005
082 0 4 _a611
_222
_bESA
240 1 0 _aAtlas basico de fisiologia.
_lEnglish
245 0 0 _aEssential atlas of physiology.
246 3 _aBarron's essential atlas of physiology
260 _aNew York :
_bBarron's Educational Series,
_c2005.
300 _a96 p. :
_bcol. ill. ;
_c28 cm.
504 _aIncludes index.
546 _aTranslation of: Atlas basico de fisiologia.
650 0 _aHuman physiology
_vHandbooks, manuals, etc.
_938450
650 0 _aHuman physiology
_vAtlases.
_919558
856 4 2 _3Publisher description
_uhttp://www.loc.gov/catdir/enhancements/fy0619/2004110792-d.html
906 _a7
_bcbc
_ccopycat
_d2
_eepcn
_f20
_gy-gencatlg
942 _2ddc
_cDVD
999 _c31525
_d266025